| 000 | 00625nam a22002657a 4500 | ||
|---|---|---|---|
| 003 | UA-OsUOA | ||
| 001 | 26627 | ||
| 007 | ta | ||
| 008 | 20040608b un ||||| |||| 00| 0 ukr d | ||
| 100 | _aЯшин А.Л. | ||
| 700 | _aМелуа А.И. | ||
| 090 |
_a504.05 _bЯ66 |
||
| 942 | _cBK | ||
| 040 |
_aUA-OsUOA _brus _cUA-OsUOA _dUA-OsUOA |
||
| 245 | _aУроки экологических просчетов | ||
| 300 | _a429 с. | ||
| 955 | _a0 | ||
| 041 | _arus | ||
| 080 | _a504.05 | ||
| 020 | _a5-244-00442-5 | ||
| 260 |
_aМосква _bМысль _c1991 |
||
| 044 | _aRU | ||
| 650 | 7 | _2UDC | |
| 999 |
_c312954 _d312954 |
||